000 00851nam a2200229 a 4500
001 39410
003 BD-RjUL
005 20211209053003.0
008 160410s2015 bg a|||| |||| 00| 0 ben d
020 _a9847000002822
_c: TK. 250.00
035 _a(BD-RjUL)39523
040 _aBD-RjUL
_bben
_cBD-RjUL
041 _aben
082 _223
_a327.73009049
_bNAS 2015
100 _aনাগ, জয়ন্ত
_9121487
245 _aসাক্ষাৎকারের সাক্ষ্যে :
_bদেশ,বিশ্ব /
_c জয়ন্ত নাগ
260 _aঢাকা :
_bজাতীয় সাহিত্য প্রকাশ ;
_c২০১৫
300 _a১২৬ পৃ. :
_bচিএ ;
_c২১ সেমি.
650 _aForeign relation
_9121488
650 _aবাহ্যিক সম্পক
_9121489
942 _2ddc
_cBK
999 _c39410
_d39410